| 000 | 00935nam a2200205 i 4500 | ||
|---|---|---|---|
| 001 | 181206 | ||
| 003 | ES-MaACL | ||
| 005 | 20230906221311.0 | ||
| 008 | 121031e1918 sp |||| | spa d | ||
| 100 | 1 |
_aLópez Valencia, Federico. _974012 |
|
| 245 | 1 | 0 |
_aInstituciones patronales de previsión en los Estados Unidos / _cpor Federico López Valencia. |
| 260 |
_aMadrid : _bJunta para Ampliación de Estudios e Investigaciones Científicas, _c1918. |
||
| 300 |
_aP. [187]-292 ; _c23 cm. |
||
| 490 | 1 |
_aAnales de la Junta para Ampliación de Estudios e Investigaciones Científicas ; _vt. 16, memoria 5 |
|
| 650 | 4 |
_aSeguridad social- _zEstados Unidos. _9151778 |
|
| 710 | 2 |
_aJunta para la Ampliación de Estudios e Investigaciones Científicas. _95413 |
|
| 830 | 0 |
_aAnales de la Junta para Ampliación de Estudios e Investigaciones Científicas ; _vt. 16, memoria 5 _9186710 |
|
| 852 |
_aES-MaACL _jB-13172(5) |
||
| 999 |
_c181206 _d181206 |
||